000 00542cam a22002055a 4500
005 20131111055335.0
008 031016s2005 ohu 000 0 eng
020 _a0324258232
041 0 _aeng
080 _a336
100 1 _aLasher, William.
245 1 0 _aPractical financial management /
_cWilliam R. Lasher.
250 _a4th ed.
260 _aMason, OH :
_bThomson South Western,
_c2005.
300 _a759 p. :
_c26cm.
_bme il. ;
500 _aPreface : f. XVII -XXIV
650 0 _aFinanca
650 0 _aMenaxhimi
942 _2udc
_cBK
999 _c258
_d258